| 000 | 00476nam a2200181Ia 4500 | ||
|---|---|---|---|
| 005 | 20250326124329.0 | ||
| 008 | 250326s9999 xx 000 0 und d | ||
| 037 | _aTextbook | ||
| 040 |
_aFMSL _beng _cFMSL |
||
| 041 |
_aeng _2eng |
||
| 084 |
_aX:57v K2 _qFMSL |
||
| 100 |
_aEinzig P _9105986 |
||
| 245 | 0 |
_aHistory of foreign exchange _cEinzig P |
|
| 260 |
_aNY _bNY, Macmillan _c1962 |
||
| 300 | _a319p | ||
| 942 |
_cTB _hX:57v K2 |
||
| 999 |
_c1273299 _d1273299 |
||